| 000 | 00000nam##2200000za#4500 |
| 001 | 9.686060 |
| 003 | CaOODSP |
| 005 | 20210624230351 |
| 007 | cr ||||||||||| |
| 008 | 150407|1998||||xxc|||||o f|0| 0 eng|d |
| 020 | |a0-662-30227-3 |
| 040 | |aCaOODSP|beng |
| 043 | |an-cn--- |
| 086 | 1 |aE2-262/1998E-IN |
| 110 | 1 |aCanada.|bForeign Affairs and International Trade. |bCanadian Centre for Foreign Policy Development. |
| 245 | 10|aRoundtable on Sudan (September 17-18, 1998) / |h[electronic resource]|c[by] Natalie Mychajlyszyn. |
| 260 | |aOttawa - Ontario : |bForeign Affairs and International Trade. |c[1998]. |
| 300 | |a7p. |
| 590 | |a10-07-Supp|b2010-09-08 |
| 690 | 07|aForeign policy|2gcpds |
| 690 | 07|aNongovernmental organizations|2gcpds |
| 690 | 07|aWar|2gcpds |
| 720 | 1 |aMychajlyszyn, Natalie |
| 776 | 0#|tRoundtable on Sudan / |w(CaOODSP)9.648125 |
| 856 | 40|ahttp://publications.gc.ca|qPDF|s54 KB|uhttps://publications.gc.ca/collections/Collection/E2-262-1998E.pdf |
| 986 | |a4004.1E |